<?xml version="1.0" encoding="UTF-8"?><?xml-stylesheet type="text/xsl" href="static/style.xsl"?><OAI-PMH xmlns="http://www.openarchives.org/OAI/2.0/" xmlns:xsi="http://www.w3.org/2001/XMLSchema-instance" xsi:schemaLocation="http://www.openarchives.org/OAI/2.0/ http://www.openarchives.org/OAI/2.0/OAI-PMH.xsd"><responseDate>2026-06-05T15:01:53Z</responseDate><request verb="GetRecord" identifier="oai:riuma.uma.es:10630/6439" metadataPrefix="marc">https://riuma.uma.es/rest/oai/request</request><GetRecord><record><header><identifier>oai:riuma.uma.es:10630/6439</identifier><datestamp>2026-02-03T12:52:52Z</datestamp><setSpec>com_10630_5701</setSpec><setSpec>com_10630_3139</setSpec><setSpec>com_10630_10</setSpec><setSpec>col_10630_6433</setSpec></header><metadata><record xmlns="http://www.loc.gov/MARC21/slim" xmlns:dcterms="http://purl.org/dc/terms/" xmlns:doc="http://www.lyncode.com/xoai" xmlns:xsi="http://www.w3.org/2001/XMLSchema-instance" xsi:schemaLocation="http://www.loc.gov/MARC21/slim http://www.loc.gov/standards/marcxml/schema/MARC21slim.xsd">
   <leader>00925njm 22002777a 4500</leader>
   <datafield ind2=" " ind1=" " tag="042">
      <subfield code="a">dc</subfield>
   </datafield>
   <datafield ind2=" " ind1=" " tag="720">
      <subfield code="a">Cortés-Macías, Rafael</subfield>
      <subfield code="e">author</subfield>
   </datafield>
   <datafield ind2=" " ind1=" " tag="720">
      <subfield code="a">Navarro-Jurado, Enrique</subfield>
      <subfield code="e">author</subfield>
   </datafield>
   <datafield ind2=" " ind1=" " tag="720">
      <subfield code="a">Ruiz-Sinoga, José Damián</subfield>
      <subfield code="e">author</subfield>
   </datafield>
   <datafield ind2=" " ind1=" " tag="720">
      <subfield code="a">Delgado-Peña, José Jesús</subfield>
      <subfield code="e">author</subfield>
   </datafield>
   <datafield ind2=" " ind1=" " tag="720">
      <subfield code="a">Remond, Ricardo</subfield>
      <subfield code="e">author</subfield>
   </datafield>
   <datafield ind2=" " ind1=" " tag="260">
      <subfield code="c">2010</subfield>
   </datafield>
   <datafield ind2=" " ind1=" " tag="520">
      <subfield code="a">El manejo integrado de las zonas costera se basa en la elaboración de un plan integrado para protección y desarrollo de los ecosistemas y recursos costeros, tratando de cumplir unos objetivos que sean compatibles con las actividades que desarrollan y con el bienestar de las comunidades que dependen de los recursos costeros. Sin embargo, algunas actividades que explotan los recursos de las zonas costeras ha puesto en peligro su sostenibilidad, el turismo constituye un de las actividades que más ha contribuido en la Ensenada Sibarimar a poner en peligro esta zona costra. En este artículo se realiza un análisis de los principales problemas ambientales del área de estudio y se formulan algunas propuestas que se deberían recoger en la elaboración de un programa de manejo costero integrado para la Ensenada Sibarimar.</subfield>
   </datafield>
   <datafield ind2=" " ind1=" " tag="520">
      <subfield code="a">The integrated managing of the zones coastal is based on the production of a plan integrated for protection and development of the ecosystems and coastal resources, trying to fulfill a few aims that are compatible with the activities that they develop and with the well-being of the communities that depend on the coastal resources.&#xd;
Nevertheless, some activities that exploit the resources of the coastal zones it has put in danger his sustainability, the tourism constitutes one of the activities that more has helped in the Inlet Sibarimar to put in danger this zone crust. In this article there is realized an analysis of the principal environmental problems of the area of study and there are formulated some offers that should be gathered in the production of a program of coastal managing integrated for the Inlet Sibarimar.</subfield>
   </datafield>
   <datafield ind1="8" ind2=" " tag="024">
      <subfield code="a">CORTÉS MACÍAS, R.; NAVARRO JURADO, E.; RUIZ SINOGA, J.D.; DELGADO PEÑA, J.J.; REMOND NOA, R. "Manejo integrado costero en Cuba, la ensenada sibarimar" Baética, 32, 2010, 45-65</subfield>
   </datafield>
   <datafield ind1="8" ind2=" " tag="024">
      <subfield code="a">0212-5099</subfield>
   </datafield>
   <datafield ind1="8" ind2=" " tag="024">
      <subfield code="a">http://hdl.handle.net/10630/6439</subfield>
   </datafield>
   <datafield tag="653" ind2=" " ind1=" ">
      <subfield code="a">Medio ambiente - Protección - Ensenada Sibarimar</subfield>
   </datafield>
   <datafield ind2="0" ind1="0" tag="245">
      <subfield code="a">Manejo integrado costero en Cuba, la ensenada sibarimar</subfield>
   </datafield>
</record>
</metadata></record></GetRecord></OAI-PMH>